00962cam a2200265 a 4500001000500000005001700005020001800022040002300040050002400063082001400087100002100101245007900122260004300201300005200244505000600296520020900302521001800511521001800529650002000547650002400567650004000591650002300631650002200654655002000676186620231006100713.0 a9780439726740 aDLCcDLCdDLCbeng00aPZ7.7.W66bInt 200800a[Fic]2221 aWood, Dond1945-10aInto the volcano :ba graphic novel /cby Caldecott honor artist Don Wood. aNew York :bThe Blue Sky Press,c2008. a174 pages :bcolor illustrations, maps ;c23 cm aD aWhile their parents are away doing research, brothers Duffy and Sumo Pugg go with their cousin, Mister Come-and-Go, to Kokalaha Island, where they meet Aunt Lulu and become trapped in an erupting volcano. a240 bLexile aD bRaz-Plus 1aGraphic novels. 1aVolcanoesvFiction. 1aAdventure and adventurersvFiction. 1aBrothersvFiction. 1aIslandsvFiction. 0aGraphic novels.